| 000 | 00485nam a2200145Ia 4500 | ||
|---|---|---|---|
| 008 | 170221s9999 xx 000 0 und d | ||
| 100 | _aEbenezer Ankrah | ||
| 245 | _aStrategic Issues in Information Systems Planning from the Ghanaian Perspective | ||
| 245 | _cEbenezer Ankrah | ||
| 260 | _bInternational Review of Management and Marketing | ||
| 260 | _cNovember 2012 | ||
| 300 | _a1:2 | ||
| 650 | _xMarketing. | ||
| 856 | _uhttp://www.econjournals.com/index.php/irmm/issue/view/88 | ||
| 999 |
_c310388 _d310388 |
||